000 00685nam a2200217 a 4500
001 000041330
005 20201002034808.0
008 130930s1991 sp 000 0 spa d
020 _a8400071131
040 _aDO-SdBNP
_bspa
_cBNPHU
082 _axxx
_bxxxx
100 1 _aRevueltas, José
_93725
245 1 4 _aLos Días Terrenales. /
_cJosé Revueltas; edición crítica, Evodio Escalante.
260 _aMadrid, :
_bCSIC,
_c1991.
300 _axxix, 360 p. ;
_c23 cm.
490 1 _aArchivos
_v15
504 _aBibliografía p: 355-360
700 1 _aEscalante, Evodio
_eed.
_967964
710 2 _aConsejo Superior de Investigaciones Científicas
_94786
830 0 _aArchivos
_v15
_914634
999 _c40820
_d40820